Histoire politique et littéraire de la presse en France (Record no. 155133)

MARC details
000 -LEADER
campo de control de longitud fija 00898nam a22002175i 4500
001 - NÚMERO DE CONTROL
campo de control 155133
003 - IDENTIFICADOR DE NÚMERO DE CONTROL
campo de control ES-MaACL
005 - FECHA Y HORA DE LA ÚLTIMA TRANSACCIÓN
campo de control 20251014063220.0
008 - DATOS DE LONGITUD FIJA--INFORMACIÓN GENERAL
campo de control de longitud fija 990429m18591861fr |||| | fre d
040 ## - FUENTE DE CATALOGACIÓN
Centro catalogador/agencia de origen CCPB | B
Lengua de catalogación spa
Centro/agencia transcriptor CCPB | B
100 1# - ENTRADA PRINCIPAL--NOMBRE DE PERSONA
Nombre de persona Hatin, Eugène,
Fechas asociadas al nombre 1809-1893
9 (RLIN) 127808
245 10 - MENCIÓN DEL TÍTULO
Título Histoire politique et littéraire de la presse en France
Resto del título : avec une introduction historique sur les origines du journal et la Bibliographie générale des journaux depuis leur origine /
Mención de responsabilidad, etc. par Eugène Hatin.
260 ## - PUBLICACIÓN, DISTRIBUCIÓN, ETC.
Lugar de publicación, distribución, etc. Paris :
Nombre del editor, distribuidor, etc. Poulet-Malassis et de Broise, libraires-éditeurs,
Fecha de publicación, distribución, etc. 1859-1861.
300 ## - DESCRIPCIÓN FÍSICA
Extensión 8 v. ;
Dimensiones 19 cm.
596 ## - NOTA AL PIE DE IMPRENTA
NOTA AL PIE DE IMPRENTA Marca tip. en port.
597 ## - NOTA DE DESCRIPCIÓN FÍSICA
NOTA DE DESCRIPCIÓN FÍSICA Antep.
597 ## - NOTA DE DESCRIPCIÓN FÍSICA
NOTA DE DESCRIPCIÓN FÍSICA En última p. aparece: "Fin du huitième et dernier volume"
650 #4 - PUNTO DE ACCESO ADICIONAL DE MATERIA--TÉRMINO DE MATERIA
Término de materia o nombre geográfico como elemento de entrada Prensa-
Subdivisión geográfica Francia-
Subdivisión de forma Historia.
9 (RLIN) 157429
852 ## - LOCALIZACIÓN
Ubicación ES-MaACL
Número de control de estantería C-1224-31
Nota libre -- Enc. hol.
Holdings
Estatus retirado Estado de pérdida Estado de daño No para préstamo Colección Biblioteca de origen Biblioteca actual Ubicación en estantería Fecha de adquisición Total de préstamos Signatura topográfica completa Código de barras Visto por última vez Precio de reemplazo Tipo de ítem Koha
        Libros del s. XIX Biblioteca del Ateneo de Madrid Biblioteca del Ateneo de Madrid Sala Palomar 17/01/2008   C-1224-31 1162277 23/02/2023 23/02/2023 Libro impreso antiguo